| 000 | 004610000a22001810004500 | ||
|---|---|---|---|
| 003 | MACL | ||
| 005 | 20160102164347.0 | ||
| 008 | 160102b xxu||||| |||| 00| 0 eng d | ||
| 040 |
_aMACL _cMACL |
||
| 041 | _aEnglish | ||
| 082 | _a658.315/RAO | ||
| 100 |
_aRao, V Bhaskara _927368 |
||
| 245 | _aEmployer Employee Relations | ||
| 260 |
_bConcept Publishing _c1978 _aDelhi |
||
| 350 | _a60 | ||
| 650 |
_aGeneral management _97116 |
||
| 942 |
_cBK _k658.315/Rao _2ddc |
||
| 999 |
_c34210 _d34210 |
||